Quizzes
Events
Quiz Creation
Community
Videos
Private Events
Remove Ads
Sign In
Join for FREE
Feedback
Dark Mode
Quiz Categories
Sports
Geography
Music
Movies
Television
Just For Fun
Miscellaneous
History
Literature
Language
Science
Gaming
Entertainment
Religion
Holiday
For Kids
Quiz Lab
Recent
Popular Today
Quiz Kudos Today
Editor Picks
Curator Picks
Quizzes by...
Day
Popularity
Type
Ratings
Length
Year
Community
Subscriptions
Recent Discussions
Orange Saloon
Badges
Playlists
Quests
Create
Leaderboards
Showdown
Live 5
Trivia Bingo
Activity
Puzzle Library
Sporcle Events
Private Events
Virtual Trivia
Globe League
Become a Host
Pub Owners
SporcleCon
Opinionation
Our Games
Videos
Blog
Mobile Apps
Partnerships
Remove Ads and Go Orange
Feedback
Sports
Athletes
MLB
NBA
NHL
NFL
Soccer
Sports Teams
WWE
NCAA
Football
Premier League
Basketball
Baseball
Hockey
Golf
Tennis
Cricket
Rugby
Auto Racing
Olympics
World Cup
Sports
Athletes
MLB
NBA
NHL
NFL
Soccer
Sports Teams
WWE
NCAA
Football
Premier League
Basketball
Baseball
Hockey
Golf
Tennis
Cricket
Rugby
Auto Racing
Olympics
World Cup
Random Quiz
Search Sporcle
×
Quiz Lab
Quiz Lab
Sports
Cars
Type in answers that appear in a list
Type in answers that appear in a list
Classic
Best Score? Go Orange.
F1 Opening Grand Prix Winners Stats
Can you name the F1 Opening Grand Prix Winners?
By
ElRelaxo
8m
63 Questions
1,211 Plays
1,211 Plays
1,211 Plays
Comments
Comments
Give Quiz Kudos
Give Quiz Kudos
-
- Ratings
hide this ad
Replay
Link that replays current quiz
Next Quiz
Link to next quiz in quiz playlist
You Got
0%
They Got
Avg Score
90%
Avg Friend Score
Upgrade to see
Score Distribution
Jump to the score distribution portion of the page
Score
0/63
Timer
08:00
0
Plays Today
Race
Driver
% Correct
1994 Brazil
Michael Schumacher
99.5%
1995 Brazil
Michael Schumacher
99.5%
2000 Australia
Michael Schumacher
99.5%
2001 Australia
Michael Schumacher
99.5%
2002 Australia
Michael Schumacher
99.5%
2004 Australia
Michael Schumacher
99.5%
1990 United States
Ayrton Senna
98.8%
1991 United States
Ayrton Senna
98.8%
2008 Australia
Lewis Hamilton
98.6%
2006 Australia
Fernando Alonso
98.5%
2012 Australia
Jenson Button
98.3%
1982 South Africa
Alain Prost
97.9%
1984 Brazil
Alain Prost
97.9%
1985 Brazil
Alain Prost
97.9%
1987 Brazil
Alain Prost
97.9%
1988 Brazil
Alain Prost
97.9%
1993 South Africa
Alain Prost
97.9%
2009 Australia
Jenson Button
97.9%
1996 Australia
Damon Hill
97.6%
1962 Netherlands
Graham Hill
97.3%
1963 Monaco
Graham Hill
97.3%
1964 Monaco
Graham Hill
97.3%
1998 Australia
Mika Häkkinen
96.9%
1951 Switzerland
Juan Manuel Fangio
96.6%
1954 Argentina
Juan Manuel Fangio
96.6%
1955 Argentina
Juan Manuel Fangio
96.6%
1956 Argentina
Luigi Musso/Juan Manuel Fangio
96.6%
1957 Argentina
Juan Manuel Fangio
96.6%
2007 Australia
Kimi Räikkönen
96%
1997 Australia
David Coulthard
95.8%
2003 Australia
David Coulthard
95.8%
1989 Brazil
Nigel Mansell
95.7%
Race
Driver
% Correct
1992 South Africa
Nigel Mansell
95.7%
2010 Bahrain
Fernando Alonso
94.3%
1966 Monaco
Jackie Stewart
93.6%
1969 South Africa
Jackie Stewart
93.6%
1972 Argentina
Jackie Stewart
93.6%
1976 Brazil
Niki Lauda
93.1%
1999 Australia
Eddie Irvine
92.8%
1983 Brazil
Nelson Piquet
92.3%
1986 Brazil
Nelson Piquet
92.3%
1953 Argentina
Alberto Ascari
89.9%
1965 South Africa
Jim Clark
88.9%
1968 South Africa
Jim Clark
88.9%
1950 Britain
Giuseppe Farina
88.8%
1959 Monaco
Jack Brabham
88.2%
1970 South Africa
Jack Brabham
88.2%
2005 Australia
Giancarlo Fisichella
88.1%
1980 Argentina
Alan Jones
87.3%
1981 United States West
Alan Jones
87.3%
1973 Argentina
Emerson Fittipaldi
86.4%
1975 Argentina
Emerson Fittipaldi
86.4%
1971 South Africa
Mario Andretti
85.5%
1978 Argentina
Mario Andretti
85.5%
1958 Argentina
Stirling Moss
83.6%
1961 Monaco
Stirling Moss
83.6%
1977 Argentina
Jody Scheckter
82.2%
2011 Australia
Sebastian Vettel
81.3%
1974 Argentina
Denny Hulme
75.4%
1979 Argentina
Jacques Laffite
63.1%
1960 Argentina
Bruce McLaren
61.8%
1952 Switzerland
Piero Taruffi
40.5%
1967 South Africa
Pedro Rodríguez
39.7%
Quiz Playlist
Details
Report
Send in Message
Add To Playlist
Classic:
Type in answers that appear in a list
Last Updated: Mar 4, 2017
Quiz Scoreboard
CHALLENGE
Sign Up to Join the Scoreboard
Show All
Scores
Hide
Comments
May contain spoilers
Recently Published
Movies - When Are They Set?
by FPL_Elf
Movies
5m
Popular People in 1961
by mucciniale
History
6m
1-10 Letter E Words III
by El_Dandy
Language
2m
More to Explore
Quiz From the Vault
Featured Blog Post
Where Did the Easter Bunny Come From?
hide this ad
You Might Also Like...
Tags
Cars Quiz
car
Driver
Formula 1
grand
Grand Prix
Prix
race
Winner
Today's Top Quizzes in Sports
Browse Sports
hide this ad
Today's Top Quizzes in Cars
Browse Cars
Top Contributed Quizzes in Sports
1
Les meilleurs buteurs des matchs entre le PSG et l’OM
2
2022 World Cup Stars
3
FIFA Club World Cup Champions
4
Les entraîneurs de l'OM et du PSG au 21e siècle
5
Name the Premier League winners with different clubs
6
La finale Lions - Afrique du Sud 2021
7
Criteria MLB: Left Handed Sluggers
8
Les joueurs passés par le LOSC et le RC Lens
9
Players with Multiple 50 Home Run Seasons
10
MLB Players with Two .350 Batting Average Seasons
Explore More
Trending Topics
NBA
Anime
Harry Potter
Marvel
Crossword
Disney
Kpop
NFL
WWE
The Office
Puzzle
Pokémon
Country
Soccer
Song
hide this ad
More By:
ElRelaxo
Quiz
Plays
Rating
Category
Featured
Created
Kate Bush Album Tracks
2,964
4.82
Music
Mar 4, 2010
Top Welsh Rugby Try Scorers
1,543
Sports
Mar 5, 2010
F1 Opening Grand Prix Winners
1,211
5.00
Sports
Mar 9, 2010
On The Buses Episodes
998
Television
Mar 9, 2010
Welsh Rugby Grand Slam Winners
692
Sports
Mar 19, 2012
Go to Creator's Profile
Score Distribution
Quiz Creator Spotlight
ElRelaxo
Follow
Send a Message
Quizzes Created
-
Created Quiz Play Count
-
More By This Creator
Popular Quizzes Today
1
Find the Countries of Europe - No Outlines Minefield
2
Find the US States - No Outlines Minefield
3
The Countries of the World
4
Popular People in 1961
5
US States
6
1-10 Letter E Words III
7
Find the US States
8
One Thing in Common: World Cities II
More Sports Quizzes
3 Sports Threesomes
Published
Trending Quizzes
Risky Map Clicking: Least Populous States A-Z
1-10 Letter F Words
1-10 Letter G Words
One Thing in Common: United Kingdom
Risky Map Clicking: Next State Alphabetically
Recently Updated
Leaping Animals
pecheneg
Reality TV Shows (A-Z)
bhenderson79
Rickey Henderson's Hall of Fame Teammates
pecheneg
Champions League XIs: Arsenal
pecheneg
Quick Pick: Celebrities in WWE's Hall of Fame
aduchscher
A-Z Keypad Blitz II
pecheneg
Multiple Oscar Actors
pecheneg
Mystery Phrase Blitz: Oscar 'Best Actors'
pecheneg
F. Scott Fitzgerald Novels
LTH
Pick 3 Villains
ddd62291
Trending Topics
Anime
Disney
Marvel
Crossword
NBA
Kpop
Harry Potter
The Office
WWE
Soccer
Pokémon
Puzzle
NFL
Song
Country
Your Account Isn't Verified!
In order to create a playlist on Sporcle, you need to verify the email address you used during registration. Go to your
Sporcle Settings
to finish the process.
Report this User
Report this user for behavior that violates our
Community Guidelines
.
Details:
Send Report
Go to the Sporcle.com Mobile Site →
Comments